000 00362pab a2200145 454500
008 180718b2006 xxu||||| |||| 00| 0 eng d
100 _aSinghal, Divya
245 _aProcess management systems and CSR: emerging trends in business
260 _c2006
300 _ap.64-73.
362 _aOct-Dec
650 _aManagement
773 _aAbhigyan
909 _a72860
999 _c72860
_d72860